| 000 | 00695nam a2200229 a 4500 | ||
|---|---|---|---|
| 005 | 20210223123852.0 | ||
| 008 | 991125n 000 0 spa u | ||
| 035 | _aUPN01000074706 | ||
| 100 | 1 |
_aArnau Gras, Jaime _928753 |
|
| 222 | _aREVISTA DE PSICOLOGIA GENERAL Y APLICADA | ||
| 245 | _aEfecto de la dimensión estimular en el procesamiento global-local | ||
| 300 | _a13-21 | ||
| 362 | _a1992 45, no. 1, ene. | ||
| 653 | 0 | _aBUSQUEDA VISUAL | |
| 653 | 0 | _aCONOCIMIENTO | |
| 653 | 0 | _aCONOCIMIENTO ESPACIAL (PSICOLOGIA) | |
| 653 | 0 | _aPSICOLOGIA COGNOSCITIVA | |
| 700 | _aSalvador Beltran, Francecs | ||
| 700 | _aBlanca Mena, Maria Jose | ||
| 904 |
_aAC _b012517 |
||
| 905 | _aArticulo | ||
| 999 |
_c67068 _d67068 |
||